Régimen jurídico del crédito social de las cajas de compensación de asignación familiar en Chile: legislación, doctrina y jurisprudencia

محفوظ في:
التفاصيل البيبلوغرافية
المؤلف الرئيسي: Fuentealba Galloso, Gonzalo (مؤلف)
التنسيق: كتاب
اللغة:الإسبانية
منشور في: Santiago Jurídica La Ley 2001
الموضوعات:
الوسوم: إضافة وسم
لا توجد وسوم, كن أول من يضع وسما على هذه التسجيلة!

MARC

LEADER 00000nam a2200000 a 4500
001 UCN1072
003 CL-VaPUC
008 010420e20010000CL |||||||||||||||||spa|d
082 0 4 |a 344.03  |b FUE  |2 21 
100 0 |a Fuentealba Galloso, Gonzalo  |e author  |9 456454 
245 1 0 |a Régimen jurídico del crédito social de las cajas de compensación de asignación familiar en Chile: legislación, doctrina y jurisprudencia 
300 |a 253 p 
942 |c BK 
945 |d 20010420 00:00:00  |a vberengu 
260 |a Santiago  |b Jurídica La Ley  |c 2001 
650 7 |a CAJAS DE COMPENSACION  |2 CL-VaPUC  |9 387472 
650 0 |a Seguridad social  |9 255322 
650 0 |a Asignación familiar   |9 344930 
650 7 |a PRESTACIONES FAMILIARES JURISPRUDENCIA  |2 CL-VaPUC  |9 456455 
650 7 |a PRESTACIONES FAMILIARES LEGISLACION  |2 CL-VaPUC  |9 456456 
651 7 |a CHILE  |2 CL-VaPUC  |9 456457 
583 |a last modification  |c 20010420 00:00:00  |k Rodrigo Vera 
999 |c 294662  |d 294660 
952 |0 0  |1 0  |4 0  |6 344_030000000000000_FUE_2001  |7 0  |8 A  |9 347302  |a BIBDER  |b BIBDER  |d 2019-11-20  |i 3711994  |o 344.03 FUE 2001  |p 3711994  |r 2023-01-25  |w 2019-11-20  |y BK  |k DER